| 000 | 01042nam a2200313 i 4500 | ||
|---|---|---|---|
| 003 | DO-SdBPM | ||
| 005 | 20250303081243.0 | ||
| 007 | ta | ||
| 008 | 230713b2022 dr ac||| |||| 00| 0 spa d | ||
| 020 | _a9789945944570 | ||
| 040 |
_aDO-SdBPM _bspa _cBPMSU _erda |
||
| 082 | 4 |
_aRD863.5 _bH565t 2022 _222 |
|
| 100 | 1 |
_aHerrera, Niurca _d1964- _eautora |
|
| 245 | 1 | 3 |
_a La tortuga presumida / _cNiurca Herrera ; ilustraciones Yanet Pérez Rosas |
| 264 | 1 |
_aSanto Domingo : _bEl Gato Ediciones, _c2022. |
|
| 300 |
_avarias paginaciones : _bilustraciones ; _c28 cm. |
||
| 336 |
_2rdacontent _atexto _btxt |
||
| 337 |
_2rdamedia _asin mediación _bn |
||
| 338 |
_2rdacarrier _avolumen _bnc |
||
| 500 | _a | ||
| 590 | _aInventariado, 2025/VM | ||
| 650 | 4 | _aCuentos infantiles dominicanos | |
| 650 | 4 |
_aAnimales _vCuentos infantiles |
|
| 650 | 4 | _aLibros ilustrados para niños | |
| 650 | 4 | _aLiteratura infantil dominicana | |
| 700 | 1 |
_a Herrera, Niurca _eilustraciones |
|
| 910 | _aVMateo V. Control de calidad. BPMSU | ||
| 942 |
_2ddc _cBK |
||
| 999 |
_c14964 _d14964 |
||